01003cam a2200241 a 450000100100000000500170001000800410002702000150006804000250008305000200010808200140012824501360014226001050027830000280038350400420041159000260045365000500047970000340052970000250056371000440058895201120063299900170074400001473720200929163908.0910822s1990 ck a b 100 0 spa  a9586120570 aDO-SdBNPbspacBNPHU00aF2260bA48 1990 annbA471i00aAluna :bimágen y memoria de las Jornadas Regionales de Cultura Popular /ccompiladora Gloria Triana ; fotografía Viki Ospina,. aBogotá :bPresidencia de la República ;bPlan Nacional de Rehabilitación ;bColcultura,c1990. a368 p. :bil. ;c28 cm. aIncluye referencias bibliográficas. aInventariado, 2019/VM 0aPopular culturezColombiaxCongresses.9334201 aTriana, Gloria,ecomp.9334211 aOspina, Viki.9334221 aInstituto Colombiano de Cultura.919853 001050718MOaGRbGRcHDd2010-01-19iLF1l0onn A471ip14737-10r2020-06-25w2020-06-25y1ZNo se presta c14320d14320